Estadística aplicada a los negocios y la economía

Bibliographic Details
Main Author: Lind, Douglas A.
Format: Section = Libro
Language:Undetermined
Spanish
Published: México McGraw-Hill 2015
Edition:16a.ed.
Subjects:
LEADER 00636nam a2200217Ia 4500
008 240829s9999 xx 000 0 und d
020 |a 978-607-15-1303-8 
040 |a BIBLIOTECA-RUSB/ 519.5 L742 
041 |a spa 
082 |a 519.5 L742 
100 1 |a Lind, Douglas A. 
245 1 0 |a Estadística aplicada a los negocios y la economía 
250 |a 16a.ed. 
260 |a México  |b McGraw-Hill  |c 2015 
300 |a 733 p. :il. 
650 7 |a ESTADISTICA COMERCIAL 
650 7 |b  ESTADISTICA 
650 7 |c  ECONOMIA-METODOS ESTADISTICOS. Marchal, William G., coaut. II. Wathen, Samuel A. 
942 |c BK  |2 ddc 
991 |a TEXTO 
999 |c 1904